| 000 | 00807nam a22002651a 4500 | ||
|---|---|---|---|
| 001 | 10333280 | ||
| 005 | 20110718131348.0 | ||
| 008 | 790511s1964 xxk 000 0 eng | ||
| 010 | _a65006132 | ||
| 015 | _aGB64-10776 | ||
| 035 | _9(DLC) 65006132 | ||
| 035 | _a(OCoLC)4952246 | ||
| 040 |
_aDLC _cPEdiS _dUk _dDLC |
||
| 050 | 0 | 0 |
_aDT507 _b.L56 |
| 100 | 1 |
_aLloyd, Alan, _d1927- |
|
| 245 | 1 | 4 |
_aThe drums of Kumasi : the story of the Ashanti wars. _h[Text] |
| 260 |
_aLondon _bLongmans _c[1964] |
||
| 300 | _a 208 p. : ill. ; maps. 23 cm. | ||
| 504 | _aBibliography : p. 202-203. | ||
| 650 | 0 | _aAshanti War, 1822-1831. | |
| 650 | 0 | _aAshanti War, 1873-1874. | |
| 906 |
_a7 _bcbc _coclcrpl _du _encip _f19 _gy-gencatlg |
||
| 985 | _eOCLC REPLACEMENT | ||
| 991 |
_bc-GenColl _hDT507 _i.L56 _tCopy 1 _wOCLCREP |
||
| 999 |
_c33030 _d33030 |
||